00381nam a2200133Ia 45000010005000000080041000050200022000460820023000681000028000912450063001192600023001829010027002059990015002323901241024s9999 xx 000 0 und d a978-9945-465-34-1 aRD/863.97293/M385a aJ. Adarberto Martínez 0aLas aventuras del caballito de palo y la muñeca de trapo bEdiciones CPc2013 a28/1/2015 3:45:11 p.m. c7766d7766